=LDR 00000nam 2200000 4500 =001 INLIS000000000033872 =005 20130612135814 =008 ***********************************ind** =035 ##$$0010-061300000033872 =041 ##$$a ind =082 ##$$a 639. 3 =090 ##$$a 639. 3, Jar b =100 ##$$a Jariyah, Abbas Siregar =245 ##$$a Budi daya ikan bawel, Abbas Siregar D Jarijah =260 ##$$a 2008 $b Yogyakarta =300 ##$$a 86 hlm., ilus, 21 cm =650 ##$$a Ikan bawel - Budi daya =850 ##$$a NBPNMAT =990 ##$$a 05930593 =990 ##$$a 01201900593